Một số vấn đề cơ bản về đào tạo nghề cho lao động nông thôn tỉnh Bình Thuận
Sparad:
| Huvudupphovsman: | |
|---|---|
| Materialtyp: | Bok |
| Språk: | Undetermined |
| Ämnen: | |
| Länkar: | http://lrc.tdmu.edu.vn/opac/search/detail.asp?aID=2&ID=26556 |
| Taggar: |
Lägg till en tagg
Inga taggar, Lägg till första taggen!
|
| Thư viện lưu trữ: | Trung tâm Học liệu Trường Đại học Thủ Dầu Một |
|---|
| LEADER | 00655nam a2200145Ia 4500 | ||
|---|---|---|---|
| 001 | TDMU_26556 | ||
| 008 | 210410s9999 xx 000 0 und d | ||
| 082 | |a 690.8314 | ||
| 100 | |a Nguyễn, Phan Hưng | ||
| 245 | 0 | |a Một số vấn đề cơ bản về đào tạo nghề cho lao động nông thôn tỉnh Bình Thuận | |
| 245 | 0 | |c Nguyễn Phan Hưng | |
| 300 | |a Tr.48-51 | ||
| 650 | |a Chính trị xã hội; Đào tạo nghề; Lao động nông thôn; Bình Thuận | ||
| 856 | |u http://lrc.tdmu.edu.vn/opac/search/detail.asp?aID=2&ID=26556 | ||
| 980 | |a Trung tâm Học liệu Trường Đại học Thủ Dầu Một | ||